Quizzes
Events
Quiz Creation
Community
Videos
Private Events
Remove Ads
Sign In
Join for FREE
Feedback
Dark Mode
Quiz Categories
Sports
Geography
Music
Movies
Television
Just For Fun
Miscellaneous
History
Literature
Language
Science
Gaming
Entertainment
Religion
Holiday
For Kids
Quiz Lab
Recent
Popular Today
Quiz Kudos Today
Editor Picks
Curator Picks
Quizzes by...
Day
Popularity
Type
Ratings
Length
Year
Community
Subscriptions
Recent Discussions
Orange Saloon
Badges
Playlists
Quests
Create
Leaderboards
Showdown
Live 5
Trivia Bingo
Activity
Puzzle Library
Sporcle Events
Private Events
Virtual Trivia
Globe League
Become a Host
Pub Owners
SporcleCon
Opinionation
Our Games
Videos
Blog
Mobile Apps
Partnerships
Remove Ads and Go Orange
Feedback
Geography
Country
Landmarks
City
State
Population
World
Capital
Continent
Flags
Europe
Africa
Asia
South America
North America
Oceania
Border
Canada
United Kingdom
Topography
United States
Geography
Country
Landmarks
City
State
Population
World
Capital
Continent
Flags
Europe
Africa
Asia
South America
North America
Oceania
Border
Canada
United Kingdom
Topography
United States
Random Quiz
Search Sporcle
×
Quiz Lab
Quiz Lab
Geography
Nintendo
Type in answers that appear in a list
Type in answers that appear in a list
Classic
Best Score? Go Orange.
U.S. Cities 51-100 MINES Stats
Can you name the U.S. cities ranked 51-100 without naming any with ranks 1-50 or 101-150?
By
ChicagoGuy88
10m
51 Questions
523 Plays
523 Plays
523 Plays
Comments
Comments
Give Quiz Kudos
Give Quiz Kudos
-
- Ratings
hide this ad
Minefield
Wrong answers will end the quiz
Wrong answers will end the quiz
Wrong Answers
Some wrong answers will appear in red
Some wrong answers will appear in red
Replay
Link that replays current quiz
Next Quiz
Link to next quiz in quiz playlist
You Got
0%
They Got
Avg Score
21%
Avg Friend Score
Upgrade to see
Score Distribution
Jump to the score distribution portion of the page
Score
0/51
Timer
10:00
0
Plays Today
Rank
City
% Correct
59.
???
36.3%
70.
???
33.7%
58.
???
31.4%
79.
???
29.3%
54.
???
28.5%
52.
???
28.3%
51.
???
27.7%
67.
???
27.5%
62.
???
27%
82.
???
26.8%
85.
???
25.8%
66.
???
25.6%
55.
???
25.2%
57.
???
25.2%
60.
???
24.5%
97.
???
24.3%
53.
???
23.9%
76.
???
23.9%
61.
???
23.3%
72.
???
23.3%
78.
???
23.3%
64.
???
22.9%
74.
???
22.6%
98.
???
22.6%
68.
???
21.4%
65.
???
20.5%
Rank
City
% Correct
56.
???
20.3%
84.
???
20.3%
71.
???
19.9%
75.
???
19.7%
100.
???
19.7%
63.
???
19.5%
77.
???
19.3%
88.
???
19.3%
69.
???
18.7%
81.
???
18.7%
90.
???
18.4%
73.
???
18%
96.
???
17.8%
99.
???
17.4%
89.
???
16.4%
86.
???
15.9%
92.
???
15.9%
80.
???
15.5%
87.
???
15.3%
93.
???
14.3%
95.
???
14.3%
83.
???
14%
91.
???
14%
94.
???
14%
MINES
???
9.2%
Quiz Playlist
Details
Report
Send in Message
Add To Playlist
Classic:
Type in answers that appear in a list
Minefield:
Wrong answers will end the quiz
Wrong Answers:
Some wrong answers will appear in red
Last Updated: Apr 24, 2017
Quiz Scoreboard
CHALLENGE
Sign Up to Join the Scoreboard
Show All
Scores
Hide
Comments
May contain spoilers
Recently Published
Billboard Blitz: Fleetwood Mac
by CooCooCachoo
Music
15s
Presidents Visiting Landmarks
by Hejman
History
7m
An Introduction to Baseball
by treessimontrees
Sports
5m
More to Explore
Quiz From the Vault
Featured Blog Post
Where Did the Easter Bunny Come From?
hide this ad
You Might Also Like...
Tags
City Quiz
Nintendo Quiz
Population Quiz
State Quiz
1-50
mine
name
Today's Top Quizzes in Geography
Browse Geography
hide this ad
Today's Top Quizzes in Nintendo
Browse Nintendo
Top Contributed Quizzes in Geography
1
Countries of the World - No Outlines Minefield
2
Top 25 Cities of France on a map
3
Any capital of a 'B' country per Continent
4
Any capital of a 'C' country per Continent
5
Closest Countries to UK A-Z
6
Any capital of a 'D' country per Continent
7
5-to-1: US Geography No Hints
8
One Thing in Common: United Kingdom
9
Any capital of an 'E' country per Continent
10
Any capital of an 'F' country per Continent
Explore More
Trending Topics
Kpop
Crossword
Harry Potter
NBA
Anime
Marvel
Disney
Pokémon
Song
WWE
NFL
Soccer
Puzzle
The Office
Country
hide this ad
More By:
ChicagoGuy88
Quiz
Plays
Rating
Category
Featured
Created
US States (Redux)
1,359,764
3.91
Geography
May 22, 2012
Countries: North to South
209,879
4.13
Geography
Apr 21, 2017
Country City Match
96,599
4.35
Geography
Mar 9, 2013
Spanish Color Flashcards
81,748
4.27
Language
Jun 16, 2012
A Graded Logic Test
81,623
3.88
Miscellaneous
Apr 23, 2013
Go to Creator's Profile
Score Distribution
Quiz Creator Spotlight
ChicagoGuy88
Follow
Send a Message
Quizzes Created
-
Created Quiz Play Count
-
More By This Creator
Popular Quizzes Today
1
Find the US States - No Outlines Minefield
2
Find the Countries of Europe - No Outlines Minefield
3
The Countries of the World
4
Find the US States
5
US States
6
Risky Map Clicking: Biggest States A-Z
7
Popular People in 1961
8
Movies - When Are They Set?
More Geography Quizzes
Anything but Kazakhstan!
Quiz Lab
Trending Quizzes
Risky Map Clicking: Least Populous States A-Z
1-10 Letter G Words
1-10 Letter F Words
Risky Map Clicking: Next State Alphabetically
Risky Map Clicking: Biggest States A-Z
Recently Updated
Leaping Animals
pecheneg
Reality TV Shows (A-Z)
bhenderson79
Rickey Henderson's Hall of Fame Teammates
pecheneg
Champions League XIs: Arsenal
pecheneg
Quick Pick: Celebrities in WWE's Hall of Fame
aduchscher
A-Z Keypad Blitz II
pecheneg
Multiple Oscar Actors
pecheneg
Mystery Phrase Blitz: Oscar 'Best Actors'
pecheneg
F. Scott Fitzgerald Novels
LTH
Pick 3 Villains
ddd62291
Trending Topics
Marvel
Disney
Kpop
Crossword
NBA
Harry Potter
Anime
WWE
Pokémon
NFL
Country
The Office
Song
Puzzle
Soccer
Your Account Isn't Verified!
In order to create a playlist on Sporcle, you need to verify the email address you used during registration. Go to your
Sporcle Settings
to finish the process.
Report this User
Report this user for behavior that violates our
Community Guidelines
.
Details:
Send Report
Go to the Sporcle.com Mobile Site →
Comments